000 00491nam a2200205Ia 4500
003 OSt
005 20231122140801.0
008 210210b1836 xxu||||| |||| 00| 0 eng d
040 _cAL
041 _aeng
082 _a829/293
100 _aDICKENS (C)
_9143025
245 _aPickwick papers
260 _aLondon
_bOxford University Press
_c1836
650 _aPickwick
_9143026
650 _apapers
_9143027
690 _aEnglish Fiction
_9143028
906 _a016898
942 _2ddc
_cBK
999 _c136810
_d136810